MATERNAL MEDICINE : MEDICAL PROBLEMS IN PREGNANCY / (Record no. 797116)

MARC details
000 -LEADER
fixed length control field 00502pam a2200181 a 4500
020 ## - INTERNATIONAL STANDARD BOOK NUMBER
International Standard Book Number 978044
Terms of availability 4499.00
041 ## - LANGUAGE CODE
Language code of text/sound track or separate title eng
Language code of original NULL
082 ## - DEWEY DECIMAL CLASSIFICATION NUMBER
Classification number 618
Item number GRE/PIE
100 ## - MAIN ENTRY--PERSONAL NAME
Personal name GREEN T..A.,PIEREY C.N. .
245 ## - TITLE STATEMENT
Title MATERNAL MEDICINE : MEDICAL PROBLEMS IN PREGNANCY /
Statement of responsibility, etc. NULL.
Medium Textual Documents
260 ## - PUBLICATION, DISTRIBUTION, ETC.
Place of publication, distribution, etc. NULL :
Name of publisher, distributor, etc. CHURCHILL LIV ,
Date of publication, distribution, etc. 2007.
300 ## - PHYSICAL DESCRIPTION
Extent 367 : :
Other physical details XII ; ;
Dimensions A4 . +
Accompanying material PB.
365 ## - TRADE PRICE
Price type code 4499.00
650 ## - SUBJECT ADDED ENTRY--TOPICAL TERM
Topical term or geographic name entry element OBST.GYNE
700 ## - ADDED ENTRY--PERSONAL NAME
Personal name .
-- .
930 ## - EQUIVALENCE OR CROSS-REFERENCE-UNIFORM TITLE HEADING [LOCAL, CANADA]
Uniform title 2581
Holdings
Withdrawn status Lost status Damaged status Not for loan Collection Home library Current library Date acquired Source of acquisition Cost, normal purchase price Total Checkouts Full call number Barcode Date last seen Copy number Price effective from Koha item type
          Medical College & Hospital, Sangli Medical College & Hospital, Sangli 21/08/2008 B.M.S.G.B.PUNE 4499.00   618 GRE/PIE MCS-6198 26/07/2023 1 26/07/2023 Book